ARRUPE JESUIT UNIVERSITY

CORONAVIRUS -STOP THE SPREAD - CLEAN,DISINFECT,COVER

Saint Jerome and his times. (Record no. 125770)

MARC details
000 -LEADER
fixed length control field 00709cam a22002411 4500
001 - CONTROL NUMBER
control field 8424641
003 - CONTROL NUMBER IDENTIFIER
control field ARRUPE
005 - DATE AND TIME OF LATEST TRANSACTION
control field 20161128114333.0
008 - FIXED-LENGTH DATA ELEMENTS--GENERAL INFORMATION
fixed length control field 740917s1959 xx 000 0 eng
010 ## - LIBRARY OF CONGRESS CONTROL NUMBER
LC control number 60001807
035 ## - SYSTEM CONTROL NUMBER
System control number (OCoLC)1012922
040 ## - CATALOGING SOURCE
Original cataloging agency DLC
Transcribing agency CtFaU
Modifying agency OCoLC
-- DLC
041 1# - LANGUAGE CODE
Language code of text/sound track or separate title engfre
050 00 - LIBRARY OF CONGRESS CALL NUMBER
Classification number BR1720.J5
Item number S753
082 00 - DEWEY DECIMAL CLASSIFICATION NUMBER
Classification number 270.2/092
-- B
300 ## - PHYSICAL DESCRIPTION
Dimensions 23 cm.
100 1# - MAIN ENTRY--PERSONAL NAME
Personal name Steinmann, Jean.
9 (RLIN) 27589
245 10 - TITLE STATEMENT
Title Saint Jerome and his times.
Statement of responsibility, etc Translated by Ronald Matthews.
260 ## - PUBLICATION, DISTRIBUTION, ETC. (IMPRINT)
Place of publication, distribution, etc Notre Dame, Ind.,
Name of publisher, distributor, etc Fides Publishers
Date of publication, distribution, etc [1959?]
300 ## - PHYSICAL DESCRIPTION
Extent 358 p.
600 00 - SUBJECT ADDED ENTRY--PERSONAL NAME
Personal name Jerome,
Titles and other words associated with a name Saint,
Dates associated with a name -419 or 420.
9 (RLIN) 4484
906 ## - LOCAL DATA ELEMENT F, LDF (RLIN)
a 7
b cbc
c oclcrpl
d u
e ncip
f 19
g y-gencatlg
942 ## - ADDED ENTRY ELEMENTS (KOHA)
Source of classification or shelving scheme Library of Congress Classification
Koha item type Monograph ( Printed materials)
Holdings
Withdrawn status Lost status Source of classification or shelving scheme Damaged status Not for loan Collection code Home library Current library Shelving location Date acquired Total Checkouts Full call number Barcode Date last seen Price effective from Koha item type
    Library of Congress Classification     Main Collection ARRUPE LIBRARY ARRUPE LIBRARY Main Collection 28/11/2016   BR65.J52 S753 46003089170 28/11/2016 28/11/2016 Monograph ( Printed materials)

 

Arrupe Library. PO Box MP320 Mt Pleasant, Harare, Zimbabwe
263 242 745411|librarian@aju.ac.zw